000 00564nam a22001697a 4500
008 240214b ||||| |||| 00| 0 eng d
020 _a978187034125
050 _aBV2063
_b.E38 2000
100 _aEitel, Keith E.
245 _aParadigm wars:
_bthe southern Baptist international mission board faces third millennium \
_cKeith E. Eitel
300 _ax,139 p.;
_c23 cm.
500 _aIncludes bibliography
650 _aMissions
_v Theory
_xHistory of doctrines.
650 _aMissions
_vTheory.
650 _aChristianity and other religions.
942 _2lcc
_cBK
999 _c58969
_d58969